000 00705nam a22002417a 4500
999 _c21094
_d21094
001 4330512
003 OSt
005 20210429120543.0
008 170124b xxu||||| |||| 00| 0 eng d
010 _a 88037833
020 _a0534101224 :
_c$35.00 (est.)
040 _aMMU
_cMMU
_dMMU
_beng
050 0 0 _aHB871
_b.W43 1989
100 1 _aWeeks, John Robert,
_d1944-
245 1 0 _aPopulation :
_ban introduction to concepts and issues /
_cJohn R. Weeks.
250 _a4th ed.
260 _aBelmont, Calif. :
_bWadsworth Pub. Co.,
_cc1989.
300 _a552 p. :
_bill. ;
_c24 cm.
500 _aIncludes index.
504 _aBibliography: p. 505-540.
650 0 _aPopulation.
942 _2lcc
_cLOAN LOAN